| 000 | 00954nam a22001817a 4500 | ||
|---|---|---|---|
| 005 | 20250926142017.0 | ||
| 010 | _a20BACCHHN25 | ||
| 020 |
_c250.00 _a9789391755737 |
||
| 037 | _bदिव्यम प्रकाशन | ||
| 082 | _aक | ||
| 100 |
_aप्रेमचंद _985235 |
||
| 245 |
_aठाकुर का कुआँ तथा अन्य कहानियां/ _cप्रेमचंद |
||
| 260 |
_aनई दिल्ली _bदिव्यम प्रकाशन _c2023 |
||
| 270 |
_a1093, डॉ मुकर्जी नगर _bनई दिल्ली _e110009 |
||
| 300 |
_a125पृ. _c23सेमी (सजिल्द) |
||
| 700 |
_a मल्होत्रा,अशोक कुमार _978929 |
||
| 942 |
_2ddc _cCH _hक _mप्रेमचं |
||
| 999 |
_c209865 _d209865 |
||